[Event "Rochefort op-A17th"]
[Site "Rochefort"]
[Date "2018.02.17"]
[Round "6.12"]
[White "Kurayan, Ruslan"]
[Black "Spiridonov, Nikola"]
[Result "0-1"]
[WhiteElo "2374"]
[BlackElo "2141"]
[PlyCount "49"]
[EventDate "2018.02.17"]
[EventType "swiss"]
[EventRounds "9"]
[EventCountry "FRA"]
[SourceTitle "EXT 2019"]
[Source "ChessBase"]
[SourceDate "2018.10.10"]
[SourceVersion "1"]
[SourceVersionDate "2018.10.10"]
[SourceQuality "1"]

1. e4 c5 2. Nf3 Nc6 3. d4 cxd4 4. Nxd4 g6 5. Nc3 Bg7 6. Be3 Nf6 7. Be2 0-0 8. 0-0 d5 9. Nxc6 bxc6 10. e5 Ne8 11. f4 f6 12. Bd4 fxe5 13. fxe5 Rxf1+ 14. Qxf1 Nc7 15. Na4 Ne6 16. c3 Qc7 17. Bg4 Nxd4 18. Bxc8 Bxe5 19. Bh3 Rf8 20. Qd3 Bxh2+ 21. Kh1 Nf5 22. Bxf5 Rxf5 23. g4 Rf2 24. Rf1 Qg3 25. Qxd5+ 0-1

[Event "Albena op-B"]
[Site "Albena"]
[Date "2015.06.25"]
[Round "9"]
[White "Bashirinia, Omid"]
[Black "Spiridonov, Nikola"]
[Result "1/2-1/2"]
[WhiteElo "1983"]
[BlackElo "2178"]
[PlyCount "82"]
[EventDate "2015.06.17"]
[EventType "swiss"]
[EventRounds "9"]
[EventCountry "BUL"]
[SourceTitle "CBM 167 Extra"]
[Source "ChessBase"]
[SourceDate "2015.09.14"]
[SourceVersion "1"]
[SourceVersionDate "2015.09.14"]
[SourceQuality "1"]

1. c4 c5 2. Nc3 g6 3. Nf3 Bg7 4. g3 b6 5. Bg2 Bb7 6. 0-0 Nf6 7. b3 d5 8. cxd5 Nxd5 9. Bb2 0-0 10. Qc2 Nc6 11. Rfd1 Rc8 12. Nxd5 Qxd5 13. Ne5 Qe6 14. Qc4 Qxc4 15. Nxc4 Bxb2 16. Nxb2 Rfd8 17. Rac1 Ba6 18. Bxc6 Rxc6 19. d3 Rcd6 20. Nc4 Rd5 21. f4 f6 22. Kf2 Kf7 23. g4 Rd4 24. Kg3 Bxc4 25. Rxc4 e5 26. fxe5 fxe5 27. Rf1+ Ke7 28. Rf3 Rxc4 29. bxc4 Rd4 30. h3 a6 31. a4 e4 32. Re3 Kf6 33. Rxe4 Rxe4 34. dxe4 Ke5 35. Kf3 g5 36. Ke3 h6 37. Kd3 Kf4 38. e5 Kxe5 39. Ke3 a5 40. Kd3 Kf4 41. e4 Ke5 1/2-1/2

[Event "Albena op-B"]
[Site "Albena"]
[Date "2015.06.24"]
[Round "8"]
[White "Spiridonov, Nikola"]
[Black "Valov, Ilya"]
[Result "1/2-1/2"]
[WhiteElo "2178"]
[BlackElo "2213"]
[PlyCount "63"]
[EventDate "2015.06.17"]
[EventType "swiss"]
[EventRounds "9"]
[EventCountry "BUL"]
[SourceTitle "CBM 167 Extra"]
[Source "ChessBase"]
[SourceDate "2015.09.14"]
[SourceVersion "1"]
[SourceVersionDate "2015.09.14"]
[SourceQuality "1"]

1. c4 Nf6 2. Nf3 c5 3. Nc3 g6 4. g3 Bg7 5. Bg2 0-0 6. 0-0 d5 7. cxd5 Nxd5 8. Nxd5 Qxd5 9. d3 Nc6 10. Be3 Qh5 11. Rc1 Bxb2 12. Rxc5 Qg4 13. Qb3 Bg7 14. Rfc1 Qe6 15. Rd5 a5 16. Ng5 Qg4 17. Bf3 Qb4 18. Rb5 Qxb3 19. axb3 Bd4 20. Bd2 Bb2 21. Rb1 Bf6 22. Ne4 Nd4 23. Nxf6+ exf6 24. Rxa5 Rxa5 25. Bxa5 Nxf3+ 26. exf3 Bf5 27. Rd1 Be6 28. b4 Rc8 29. Bb6 Kg7 30. g4 g5 31. Be3 Bb3 32. Rc1 1/2-1/2

[Event "Albena op-B"]
[Site "Albena"]
[Date "2015.06.22"]
[Round "6"]
[White "Spiridonov, Nikola"]
[Black "Jordanov, Doichin"]
[Result "1-0"]
[WhiteElo "2178"]
[BlackElo "2038"]
[PlyCount "49"]
[EventDate "2015.06.17"]
[EventType "swiss"]
[EventRounds "9"]
[EventCountry "BUL"]
[SourceTitle "CBM 167 Extra"]
[Source "ChessBase"]
[SourceDate "2015.09.14"]
[SourceVersion "1"]
[SourceVersionDate "2015.09.14"]
[SourceQuality "1"]

1. Nf3 d5 2. g3 Nc6 3. c4 d4 4. Bg2 g6 5. d3 Nf6 6. 0-0 Bg7 7. b4 0-0 8. Bb2 Nh5 9. b5 Nb8 10. c5 c6 11. a4 e5 12. Na3 Be6 13. Rc1 a6 14. bxc6 Nxc6 15. Nc4 Rc8 16. Ba3 f5 17. Nfd2 Bd5 18. Bxd5+ Qxd5 19. Nb6 Qd8 20. Qb3+ Kh8 21. Nxc8 Qxc8 22. Rb1 Nd8 23. c6 Rf7 24. Rfc1 Rc7 25. cxb7 1-0

[Event "Kesarovski Georgiev Memorial 13th"]
[Site "Sunny Beach"]
[Date "2014.09.07"]
[Round "2"]
[White "Michna, Marta"]
[Black "Spiridonov, Nikola"]
[Result "1/2-1/2"]
[WhiteElo "2337"]
[BlackElo "2207"]
[PlyCount "88"]
[EventDate "2014.09.06"]
[EventType "swiss"]
[EventRounds "9"]
[EventCountry "BUL"]
[SourceTitle "CBM 162 Extra"]
[Source "ChessBase"]
[SourceDate "2014.10.17"]
[SourceVersion "1"]
[SourceVersionDate "2014.10.17"]
[SourceQuality "1"]

1. Nf3 c5 2. g3 b6 3. Bg2 Bb7 4. d3 g6 5. c3 Bg7 6. 0-0 Nf6 7. Nbd2 d5 8. Qc2 0-0 9. Re1 d4 10. e4 dxc3 11. bxc3 Nc6 12. Rb1 Rc8 13. Nc4 Ba6 14. Bh3 Bxc4 15. dxc4 e6 16. Bf4 Qe7 17. e5 Nd7 18. Bg2 Qd8 19. h4 Qc7 20. Qe4 Rfd8 21. h5 Na5 22. hxg6 hxg6 23. Ng5 Nf8 24. Qe2 Qd7 25. Ne4 Qd3 26. Qg4 Nh7 27. Rbd1 Qxc4 28. Nd6 Qxc3 29. Bd2 Qa3 30. Qf4 Rf8 31. Bc1 Qxa2 32. Nxc8 Rxc8 33. Rd7 Rf8 34. Rxa7 Qc4 35. Qxc4 Nxc4 36. f4 Rd8 37. Rb7 g5 38. Bf1 Nd2 39. Be2 gxf4 40. gxf4 Nb3 41. Bh5 f6 42. Bb2 fxe5 43. Bxe5 Bxe5 44. Rxe5 Nd4 1/2-1/2

[Event "Albena Masters op"]
[Site "Albena"]
[Date "2014.06.08"]
[Round "8"]
[White "Spiridonov, Nikola"]
[Black "Bochev, Krasimir"]
[Result "1-0"]
[WhiteElo "2221"]
[BlackElo "2077"]
[PlyCount "65"]
[EventDate "2014.06.01"]
[EventType "swiss"]
[EventRounds "9"]
[EventCountry "BUL"]
[SourceTitle "CBM 160 Extra"]
[Source "ChessBase"]
[SourceDate "2014.07.01"]
[SourceVersion "1"]
[SourceVersionDate "2014.07.01"]
[SourceQuality "1"]

1. Nf3 g6 2. d4 Nf6 3. c4 Bg7 4. Nc3 0-0 5. e4 d6 6. Be2 e5 7. Be3 exd4 8. Nxd4 Re8 9. f3 c6 10. Qd2 d5 11. exd5 cxd5 12. c5 Nc6 13. Bf2 a6 14. 0-0 Nh5 15. Rfe1 Be5 16. g3 Ng7 17. Rad1 Be6 18. a3 Qd7 19. b4 Rad8 20. Bf1 Qc7 21. Nxe6 fxe6 22. Ne2 Nf5 23. f4 Bf6 24. Bg2 Qg7 25. a4 a5 26. b5 Nb4 27. g4 Nh4 28. g5 Be7 29. Bxh4 Bxc5+ 30. Bf2 b6 31. Nd4 Qf7 32. Bh3 Rd6 33. Re5 1-0

[Event "Albena Masters op"]
[Site "Albena"]
[Date "2014.06.05"]
[Round "5"]
[White "Blagojevic, Tijana"]
[Black "Spiridonov, Nikola"]
[Result "1/2-1/2"]
[WhiteElo "2075"]
[BlackElo "2221"]
[PlyCount "65"]
[EventDate "2014.06.01"]
[EventType "swiss"]
[EventRounds "9"]
[EventCountry "BUL"]
[SourceTitle "CBM 160 Extra"]
[Source "ChessBase"]
[SourceDate "2014.07.01"]
[SourceVersion "1"]
[SourceVersionDate "2014.07.01"]
[SourceQuality "1"]

1. e4 c5 2. Nf3 g6 3. Bc4 Bg7 4. c3 e6 5. d4 cxd4 6. Nxd4 a6 7. 0-0 Ne7 8. Re1 0-0 9. Bg5 h6 10. Bh4 g5 11. Bg3 d5 12. exd5 exd5 13. Bb3 Nbc6 14. Nxc6 bxc6 15. Be5 Bxe5 16. Rxe5 Qd6 17. Re3 Nf5 18. Rd3 Re8 19. Nd2 Ra7 20. Bc2 Rae7 21. Nf1 Qe5 22. Rf3 Nd6 23. Qd3 f5 24. Re3 Qf6 25. Rae1 Nc4 26. Rxe7 Rxe7 27. Rxe7 Qxe7 28. b3 Nd6 29. Ne3 Qe4 30. Qd1 Qe5 31. Qh5 Kg7 32. h4 Nf7 33. hxg5 1/2-1/2

[Event "Kesarovski Georgiev Memorial-A 12th"]
[Site "Sunny Beach"]
[Date "2013.09.03"]
[Round "4"]
[White "Spiridonov, Nikola"]
[Black "Maevsky, Nikolay"]
[Result "0-1"]
[WhiteElo "2244"]
[BlackElo "2328"]
[PlyCount "100"]
[EventDate "2013.08.31"]
[EventType "swiss"]
[EventRounds "9"]
[EventCountry "BUL"]
[SourceTitle "CBM 156 Extra"]
[Source "ChessBase"]
[SourceDate "2013.10.22"]
[SourceVersion "1"]
[SourceVersionDate "2013.10.22"]
[SourceQuality "1"]

1. c4 c5 2. g3 Nc6 3. Bg2 g6 4. Nc3 Bg7 5. e3 e5 6. Nge2 Nge7 7. d3 d6 8. a3 0-0 9. 0-0 Rb8 10. Rb1 a5 11. Bd2 Bf5 12. Qc2 Be6 13. Nd5 b5 14. b4 axb4 15. Nxe7+ Nxe7 16. axb4 cxb4 17. Rxb4 Qc7 18. Rc1 Rfc8 19. Rcb1 bxc4 20. Rb7 Rxb7 21. Rxb7 Qd8 22. Nc3 cxd3 23. Qxd3 Bc4 24. Qb1 d5 25. Bh3 f5 26. Na4 Ba6 27. Ra7 Rb8 28. Qc1 Bd3 29. Nb2 Rc8 30. Qa1 Bb5 31. Ba5 Qd6 32. Nd1 Qc5 33. Bc3 d4 34. exd4 exd4 35. Bb2 Qe5 36. Ne3 Nc6 37. Qa2+ Kh8 38. Rb7 Rb8 39. Rxb8+ Qxb8 40. Nd5 Qe8 41. Bf1 Bxf1 42. Kxf1 h5 43. h4 Kh7 44. Qa6 Qd7 45. Nf4 Ne5 46. Ne6 Qc6 47. Ng5+ Kg8 48. Qa7 Qh1+ 49. Ke2 d3+ 50. Kd2 Nc4+ 0-1

[Event "Kesarovski Georgiev Memorial-A 12th"]
[Site "Sunny Beach"]
[Date "2013.09.01"]
[Round "2"]
[White "Spiridonov, Nikola"]
[Black "Tilicheev, Viacheslav"]
[Result "0-1"]
[WhiteElo "2244"]
[BlackElo "2415"]
[PlyCount "60"]
[EventDate "2013.08.31"]
[EventType "swiss"]
[EventRounds "9"]
[EventCountry "BUL"]
[SourceTitle "CBM 156 Extra"]
[Source "ChessBase"]
[SourceDate "2013.10.22"]
[SourceVersion "1"]
[SourceVersionDate "2013.10.22"]
[SourceQuality "1"]

1. Nf3 Nc6 2. c4 e5 3. Nc3 f5 4. d3 Nf6 5. e3 Bb4 6. Bd2 d6 7. Be2 0-0 8. 0-0 Bxc3 9. Bxc3 Qe8 10. b4 b6 11. Re1 Bb7 12. c5 Ne7 13. cxd6 cxd6 14. Rc1 Kh8 15. b5 Ned5 16. Ba1 Qg6 17. Bf1 a6 18. a4 axb5 19. axb5 Ra2 20. Rc2 Ra5 21. Nh4 Qg5 22. Nxf5 Qxf5 23. e4 Qg6 24. exd5 Nxd5 25. d4 Rxa1 26. Qxa1 Qxc2 27. Re2 Qc3 28. Qa7 Qc7 29. dxe5 Ra8 30. exd6 Qd7 0-1

[Event "Varna op 7th"]
[Site "Varna"]
[Date "2013.06.25"]
[Round "7"]
[White "Drenchev, Petar"]
[Black "Spiridonov, Nikola"]
[Result "1-0"]
[WhiteElo "2485"]
[BlackElo "2248"]
[PlyCount "99"]
[EventDate "2013.06.19"]
[EventType "swiss"]
[EventRounds "9"]
[EventCountry "BUL"]
[SourceTitle "CBM 155 Extra"]
[Source "ChessBase"]
[SourceDate "2013.08.26"]
[SourceVersion "1"]
[SourceVersionDate "2013.08.26"]
[SourceQuality "1"]

1. d4 Nf6 2. c4 e6 3. Nc3 Bb4 4. e3 c5 5. Bd3 Nc6 6. Nf3 Bxc3+ 7. bxc3 d6 8. e4 e5 9. d5 Ne7 10. Nh4 h6 11. 0-0 0-0 12. f4 Ng6 13. Nxg6 fxg6 14. fxe5 dxe5 15. Rb1 b6 16. h3 Bd7 17. Be3 Qe8 18. Bc2 Rb8 19. Rb2 g5 20. g4 Nh7 21. a4 Rxf1+ 22. Kxf1 a5 23. Kg2 Qf8 24. Qg1 Qd6 25. Bf2 Nf8 26. Bg3 Ng6 27. Qe1 Rf8 28. Qb1 Rf6 29. Bd1 Nf4+ 30. Kh2 g6 31. Rf2 Be8 32. Bc2 h5 33. gxh5 gxh5 34. h4 g4 35. Qe1 Qf8 36. Qe3 Kg7 37. Qd2 Ng6 38. Rf5 Rxf5 39. exf5 Nf4 40. Bxf4 exf4 41. Qxf4 Qe7 42. Qg5+ Qxg5 43. hxg5 h4 44. f6+ Kf7 45. Bf5 g3+ 46. Kh3 Bxa4 47. d6 g2 48. Kh2 h3 49. Bxh3 Be8 50. d7 1-0

[Event "Kesarovski Georgiev Memorial 11th"]
[Site "Sunny Beach"]
[Date "2012.09.07"]
[Round "7"]
[White "Spiridonov, Nikola"]
[Black "Todorov, Kostadinov Todor"]
[Result "1-0"]
[WhiteElo "2234"]
[BlackElo "2025"]
[PlyCount "31"]
[EventDate "2012.09.01"]
[EventType "swiss"]
[EventRounds "9"]
[EventCountry "BUL"]
[SourceTitle "CBM 150 Extra"]
[Source "ChessBase"]
[SourceDate "2012.10.19"]
[SourceVersion "1"]
[SourceVersionDate "2012.10.19"]
[SourceQuality "1"]

1. Nf3 Nf6 2. g3 d5 3. Bg2 c6 4. 0-0 Bf5 5. c4 e6 6. b3 Nbd7 7. Bb2 Bd6 8. d3 0-0 9. Nbd2 e5 10. e4 dxe4 11. Nxe4 Bxe4 12. dxe4 Qe7 13. Nh4 g6 14. Bc1 Kg7 15. Qd2 Ng8 16. Re1 1-0

[Event "Kesarovski Georgiev Memorial 11th"]
[Site "Sunny Beach"]
[Date "2012.09.03"]
[Round "3"]
[White "Spiridonov, Nikola"]
[Black "Smirnova, Anastasia"]
[Result "1-0"]
[WhiteElo "2234"]
[BlackElo "2060"]
[PlyCount "119"]
[EventDate "2012.09.01"]
[EventType "swiss"]
[EventRounds "9"]
[EventCountry "BUL"]
[SourceTitle "CBM 150 Extra"]
[Source "ChessBase"]
[SourceDate "2012.10.19"]
[SourceVersion "1"]
[SourceVersionDate "2012.10.19"]
[SourceQuality "1"]

1. Nf3 Nf6 2. g3 b5 3. Bg2 Bb7 4. c3 e6 5. a4 b4 6. 0-0 Na6 7. d4 c5 8. Bg5 h6 9. Bxf6 Qxf6 10. Qd3 bxc3 11. bxc3 cxd4 12. Nxd4 Nc5 13. Qe3 Bxg2 14. Kxg2 Be7 15. Nd2 0-0 16. Ne4 Nxe4 17. Qxe4 d5 18. Qd3 Rac8 19. Rfc1 Rc4 20. e3 Rfc8 21. Ne2 Qe5 22. Rcb1 Qc7 23. a5 a6 24. Rb6 Ra8 25. Qb1 Bc5 26. Rb7 Qe5 27. Qc2 Qe4+ 28. Qxe4 Rxe4 29. Nd4 e5 30. Ne2 Rd8 31. Rc7 Rc4 32. Rd1 Bd6 33. Ra7 Rb8 34. Rxd5 Bf8 35. Rxa6 Rb2 36. Ra8 Rxe2 37. Rdd8 f6 38. Rxf8+ Kh7 39. Ra7 Rxc3 40. Rxf6 Rcxe3 41. Rff7 Kg6 42. Rxg7+ Kf5 43. h4 Ra3 44. Rgf7+ Ke4 45. Rf6 Rea2 46. a6 Kd5 47. Rd7+ Kc5 48. a7 Ra1 49. Rf8 R1a2 50. Rc8+ Kb6 51. Rh8 Rxa7 52. Rxh6+ Kc5 53. Rxa7 Rxa7 54. h5 e4 55. Rg6 Ra2 56. Kf1 Kd4 57. Re6 Ra5 58. h6 Rh5 59. Kg2 Kd5 60. Rg6 1-0

[Event "Kesarovski Georgiev Memorial 11th"]
[Site "Sunny Beach"]
[Date "2012.09.01"]
[Round "1"]
[White "Spiridonov, Nikola"]
[Black "Nancheva, Doroteya"]
[Result "1-0"]
[WhiteElo "2234"]
[BlackElo "1817"]
[PlyCount "103"]
[EventDate "2012.09.01"]
[EventType "swiss"]
[EventRounds "9"]
[EventCountry "BUL"]
[SourceTitle "CBM 150 Extra"]
[Source "ChessBase"]
[SourceDate "2012.10.19"]
[SourceVersion "1"]
[SourceVersionDate "2012.10.19"]
[SourceQuality "1"]

1. Nf3 Nf6 2. c4 g6 3. b4 Bg7 4. Bb2 0-0 5. e3 d6 6. d4 c5 7. a3 cxd4 8. exd4 Bg4 9. Be2 Nbd7 10. 0-0 Rc8 11. Nbd2 Re8 12. h3 Bxf3 13. Bxf3 b6 14. Rc1 e5 15. Re1 exd4 16. Bxd4 Ne5 17. Be2 d5 18. cxd5 Nxd5 19. Rxc8 Qxc8 20. Bb5 Re6 21. Bxe5 Rxe5 22. Rxe5 Bxe5 23. Nf3 Nc3 24. Qc2 Qd8 25. Nxe5 Nxb5 26. Nxf7 Kxf7 27. Qc4+ Kg7 28. Qxb5 Qd1+ 29. Kh2 Qd6+ 30. g3 Qd4 31. Kg2 Qe4+ 32. Kg1 Qe1+ 33. Qf1 Qc3 34. Qa6 Qe1+ 35. Kg2 Qe4+ 36. Kh2 Qe7 37. h4 Qf7 38. Kg1 Kh6 39. Qd3 Qc7 40. Qd2+ Kg7 41. Qd4+ Kg8 42. a4 a6 43. b5 axb5 44. axb5 Kf7 45. h5 Qc1+ 46. Kg2 gxh5 47. Qxb6 Qd1 48. Qc6 Kg7 49. Qf3 Qd4 50. Qxh5 Qe4+ 51. Qf3 Qb4 52. Qc6 1-0

[Event "Golden Sands Europe op 1st"]
[Site "Golden Sands"]
[Date "2012.06.11"]
[Round "8"]
[White "Dyulgerov, Dimitar"]
[Black "Spiridonov, Nikola"]
[Result "0-1"]
[WhiteElo "2015"]
[BlackElo "2240"]
[PlyCount "76"]
[EventDate "2012.06.04"]
[EventType "swiss"]
[EventRounds "9"]
[EventCountry "BUL"]
[SourceTitle "CBM 148 Extra"]
[Source "ChessBase"]
[SourceDate "2012.06.22"]
[SourceVersion "1"]
[SourceVersionDate "2012.06.22"]
[SourceQuality "1"]

1. e4 Nf6 2. Nc3 d5 3. exd5 Nxd5 4. Bc4 c6 5. Nge2 g6 6. 0-0 Bg7 7. Bb3 0-0 8. Nxd5 cxd5 9. d4 Nc6 10. c3 e6 11. h3 b6 12. f4 Ba6 13. g4 Ne7 14. Rf3 Bxe2 15. Qxe2 Qd7 16. Be3 b5 17. Raf1 Rae8 18. Bc2 f5 19. Bc1 Nc8 20. g5 Nd6 21. h4 Ne4 22. h5 Rf7 23. Rh3 Rc8 24. Bxe4 dxe4 25. a3 a5 26. Qh2 b4 27. axb4 axb4 28. Bd2 Qd5 29. Kf2 bxc3 30. bxc3 Qa2 31. Ke2 Rb7 32. hxg6 hxg6 33. Rh4 Rb2 34. Ke3 Bxd4+ 35. Kxd4 Qd5+ 36. Ke3 Qd3+ 37. Kf2 Qxd2+ 38. Kg3 Qe3+ 0-1

[Event "Golden Sands Europe op 1st"]
[Site "Golden Sands"]
[Date "2012.06.10"]
[Round "7"]
[White "Spiridonov, Nikola"]
[Black "Asparuhov, Parvan"]
[Result "0-1"]
[WhiteElo "2240"]
[BlackElo "2077"]
[PlyCount "92"]
[EventDate "2012.06.04"]
[EventType "swiss"]
[EventRounds "9"]
[EventCountry "BUL"]
[SourceTitle "CBM 148 Extra"]
[Source "ChessBase"]
[SourceDate "2012.06.22"]
[SourceVersion "1"]
[SourceVersionDate "2012.06.22"]
[SourceQuality "1"]

1. c4 c6 2. Nf3 d5 3. b3 Bf5 4. g3 Nf6 5. Bb2 e6 6. Bg2 h6 7. 0-0 Be7 8. d3 0-0 9. Nbd2 Bh7 10. Rc1 Nbd7 11. Rc2 a5 12. a3 Ne8 13. Qa1 Bf6 14. Ne5 Nxe5 15. Bxe5 Bxe5 16. Qxe5 Qf6 17. Nf3 Qxe5 18. Nxe5 Nd6 19. Rc3 Rfd8 20. a4 d4 21. Rc2 c5 22. Nf3 f6 23. Nd2 Rd7 24. Nb1 Kf8 25. Na3 Rad8 26. Nb5 Nc8 27. f4 Ne7 28. Rd2 Nf5 29. Be4 Kg8 30. Bxf5 Bxf5 31. Kg2 h5 32. Na3 Kf7 33. h3 Re8 34. Nc2 e5 35. fxe5 Rxe5 36. Ne1 Rde7 37. Rf2 Bd7 38. Nf3 Bc6 39. g4 hxg4 40. hxg4 Re3 41. Kf1 g6 42. g5 f5 43. Kg2 Re8 44. Kg3 Rh8 45. Kf4 Rh1 46. Rh2 Rf1 0-1

[Event "Sunny Beach op 10th"]
[Site "Sunny Beach"]
[Date "2011.09.03"]
[Round "8"]
[White "Spiridonov, Nikola"]
[Black "Romanov, Sergey2222"]
[Result "1/2-1/2"]
[WhiteElo "2242"]
[BlackElo "2162"]
[PlyCount "86"]
[EventDate "2011.08.27"]
[EventType "swiss"]
[EventRounds "9"]
[EventCountry "BUL"]
[SourceTitle "CBM 144 Extra"]
[Source "ChessBase"]
[SourceDate "2011.10.28"]
[SourceVersion "1"]
[SourceVersionDate "2011.10.28"]
[SourceQuality "1"]

1. e4 e5 2. Nf3 Nf6 3. Nxe5 d6 4. Nf3 Nxe4 5. Nc3 Nxc3 6. dxc3 Be7 7. Bf4 Nc6 8. Qd2 Be6 9. Nd4 Nxd4 10. cxd4 d5 11. Bd3 Bd6 12. 0-0 Qd7 13. Rfe1 Bxf4 14. Qxf4 0-0 15. Re5 g6 16. Rae1 Rae8 17. h4 Qd6 18. Qh6 Bd7 19. h5 Rxe5 20. Rxe5 Re8 21. Rxe8+ Bxe8 22. Qe3 Bd7 23. h6 f5 24. f4 Kf7 25. c3 Qe7 26. Qxe7+ Kxe7 27. g4 Kf6 28. g5+ Ke7 29. Kf2 Kd6 30. Ke3 b5 31. a4 a6 32. Kd2 Kc6 33. Kc2 Kb6 34. Kb3 Ka5 35. Ka3 c6 36. b3 Be6 37. Bc2 Bd7 38. Bd1 Be6 39. Be2 Bd7 40. axb5 axb5 41. c4 b4+ 42. Kb2 Kb6 43. Kc2 Be6 1/2-1/2

[Event "Sunny Beach op 10th"]
[Site "Sunny Beach"]
[Date "2011.09.01"]
[Round "6"]
[White "Spiridonov, Nikola"]
[Black "Vasilev, Plamen"]
[Result "1-0"]
[WhiteElo "2242"]
[BlackElo "2100"]
[PlyCount "47"]
[EventDate "2011.08.27"]
[EventType "swiss"]
[EventRounds "9"]
[EventCountry "BUL"]
[SourceTitle "CBM 144 Extra"]
[Source "ChessBase"]
[SourceDate "2011.10.28"]
[SourceVersion "1"]
[SourceVersionDate "2011.10.28"]
[SourceQuality "1"]

1. Nf3 Nf6 2. c4 g6 3. Nc3 d5 4. cxd5 Nxd5 5. e4 Nxc3 6. dxc3 Qxd1+ 7. Kxd1 Bg7 8. Bf4 c6 9. Kc2 Nd7 10. a4 Nc5 11. Nd2 f5 12. f3 Be6 13. Be3 Nd7 14. exf5 gxf5 15. Bc4 Bd5 16. Rhe1 Kf7 17. g4 Ne5 18. Bxd5+ cxd5 19. gxf5 Kf6 20. Bd4 Kxf5 21. f4 Kxf4 22. Rf1+ Kg5 23. Rg1+ Kh6 24. Rxg7 1-0

[Event "Sunny Beach op 10th"]
[Site "Sunny Beach"]
[Date "2011.08.29"]
[Round "3"]
[White "Koepke, Christian"]
[Black "Spiridonov, Nikola"]
[Result "1-0"]
[WhiteElo "2410"]
[BlackElo "2242"]
[PlyCount "41"]
[EventDate "2011.08.27"]
[EventType "swiss"]
[EventRounds "9"]
[EventCountry "BUL"]
[SourceTitle "CBM 144 Extra"]
[Source "ChessBase"]
[SourceDate "2011.10.28"]
[SourceVersion "1"]
[SourceVersionDate "2011.10.28"]
[SourceQuality "1"]

1. e4 e6 2. d4 d5 3. Nc3 Bb4 4. Nge2 dxe4 5. a3 Be7 6. g4 e5 7. h3 h5 8. g5 Bxg5 9. Bxg5 Qxg5 10. Rg1 Qe7 11. Rxg7 Nf6 12. Qd2 Nbd7 13. 0-0-0 exd4 14. Nxd4 Ne5 15. Rg5 c6 16. Rxe5 Be6 17. Nxe6 fxe6 18. Bc4 Rd8 19. Qxd8+ Qxd8 20. Rxd8+ Kxd8 21. Rxe6 1-0

[Event "Albena op 19th"]
[Site "Albena"]
[Date "2011.06.28"]
[Round "4"]
[White "Hristov, Nikolay Valeriev"]
[Black "Spiridonov, Nikola"]
[Result "1/2-1/2"]
[WhiteElo "1913"]
[BlackElo "2244"]
[PlyCount "91"]
[EventDate "2011.06.25"]
[EventType "swiss"]
[EventRounds "9"]
[EventCountry "BUL"]
[SourceTitle "CBM 143 Extra"]
[Source "ChessBase"]
[SourceDate "2011.08.29"]
[SourceVersion "1"]
[SourceVersionDate "2011.08.29"]
[SourceQuality "1"]

1. d4 Nf6 2. c4 e6 3. Nf3 Bb4+ 4. Bd2 c5 5. a3 Bxd2+ 6. Qxd2 cxd4 7. Nxd4 0-0 8. Nc3 Nc6 9. e3 d5 10. Rd1 Qe7 11. Bd3 Nxd4 12. exd4 dxc4 13. Bxc4 Bd7 14. 0-0 Bc6 15. Rfe1 Rfd8 16. Qg5 Nd5 17. Qe5 Nxc3 18. bxc3 Qxa3 19. Rd3 Qd6 20. Qg5 b5 21. Rg3 Qf8 22. Bd3 Rd5 23. Bxh7+ Kxh7 24. Qh4+ Kg8 25. Rh3 f6 26. Rxe6 Bd7 27. Qe4 Bxe6 28. Qxe6+ Qf7 29. Rh8+ Kxh8 30. Qxf7 Rdd8 31. Qh5+ Kg8 32. Qxb5 a5 33. Qa4 Rdc8 34. c4 Rcb8 35. h3 Rb4 36. Qc6 Rbb8 37. Qa4 Rb4 38. Qa2 a4 39. c5+ Kh8 40. c6 Rxd4 41. c7 Re4 42. Qd5 Ree8 43. Qh5+ Kg8 44. Qd5+ Kf8 45. Qd6+ Kg8 46. Qd5+ 1/2-1/2

[Event "Kesarovski Georgiev Memorial 9th"]
[Site "Sunny Beach"]
[Date "2010.08.31"]
[Round "4"]
[White "Spiridonov, Nikola"]
[Black "Bassel, Charaf"]
[Result "1-0"]
[WhiteElo "2359"]
[BlackElo "2089"]
[PlyCount "53"]
[EventDate "2010.08.28"]
[EventType "swiss"]
[EventRounds "9"]
[EventCountry "BUL"]
[SourceTitle "CBM 138 Extra"]
[Source "ChessBase"]
[SourceDate "2010.10.29"]
[SourceVersion "1"]
[SourceVersionDate "2010.10.29"]
[SourceQuality "1"]

1. e4 Nc6 2. Nf3 d6 3. d4 Nf6 4. Nc3 d5 5. exd5 Nxd5 6. Bc4 e6 7. 0-0 Nxc3 8. bxc3 Be7 9. Rb1 0-0 10. Qe2 Bf6 11. Qe4 g6 12. h4 Bd7 13. h5 Na5 14. Bd3 Bc6 15. Qg4 Bxf3 16. Qxf3 c6 17. Re1 b5 18. Qg4 Bg7 19. Bf4 Rc8 20. Be5 Re8 21. Re3 Qd5 22. hxg6 hxg6 23. Bxg6 fxg6 24. Qxg6 Re7 25. Rh3 Rcc7 26. Bxg7 Qxg2+ 27. Qxg2 1-0

[Event "Kesarovski Georgiev Memorial 9th"]
[Site "Sunny Beach"]
[Date "2010.08.28"]
[Round "1"]
[White "Sotirov, Ilia"]
[Black "Spiridonov, Nikola"]
[Result "0-1"]
[WhiteElo "1887"]
[BlackElo "2359"]
[PlyCount "106"]
[EventDate "2010.08.28"]
[EventType "swiss"]
[EventRounds "9"]
[EventCountry "BUL"]
[SourceTitle "CBM 138 Extra"]
[Source "ChessBase"]
[SourceDate "2010.10.29"]
[SourceVersion "1"]
[SourceVersionDate "2010.10.29"]
[SourceQuality "1"]

1. d4 Nf6 2. Nc3 d5 3. Bg5 Nbd7 4. Nf3 c5 5. e3 e6 6. Be2 a6 7. a4 Qa5 8. 0-0 Ne4 9. Nxe4 dxe4 10. Nd2 cxd4 11. Nxe4 Nc5 12. b4 Qxb4 13. Nxc5 Qxc5 14. f4 Be7 15. exd4 Qc7 16. Bxe7 Qxe7 17. f5 exf5 18. Bd3 0-0 19. Qf3 Rd8 20. c3 g6 21. Rfe1 Qc7 22. Bf1 Be6 23. Re5 Rac8 24. Rc5 Qe7 25. Rxc8 Rxc8 26. Kh1 Bc4 27. h3 Qe4 28. Qg3 f4 29. Qh4 Bd5 30. Re1 Qf5 31. c4 Be4 32. Qe7 Bc6 33. d5 Re8 34. Qb4 Rxe1 35. Qxe1 Bxa4 36. Qb4 Qd7 37. Qb6 Bc2 38. Be2 Be4 39. Kg1 h5 40. Kf2 Qe7 41. Bf3 Bxf3 42. Kxf3 Qe3+ 43. Qxe3 fxe3 44. Kxe3 Kf8 45. Kd4 b6 46. c5 bxc5+ 47. Kxc5 Ke7 48. Kc6 Kd8 49. Kb6 Kd7 50. Kxa6 Kd6 51. Kb6 h4 52. Kb5 Kxd5 53. Kb4 Kd4 0-1